All Five Nights at Freddy's 2 Animatronics - Statistics

General Stats
  • This quiz has been taken 65 times
  • The average score is 12 of 14
Answer Stats
Answer % Correct
Toy Bonnie
93%
Toy Chica
93%
Toy Freddy
91%
The puppet
89%
Withered Bonnie
89%
Withered Chica
89%
Withered Foxy
89%
Withered Freddy
89%
Mangle
87%
Balloon Boy
85%
Shadow Bonnie
78%
Shadow Freddy
72%
Golden Freddy
70%
JJ
50%
No matching quizzes found
Score Distribution
Percent of People with Each Score
Percentile by Number Answered
Your Score History
You have not taken this quiz